Guess the US State/Canadian Province by Railroad Headquarters - Statistics

General Stats
  • This quiz has been taken 14 times
  • The average score is 12 of 16
Answer Stats
Picture Answer % Correct
Missouri
92%
Pennsylvania
92%
Alberta
83%
California
75%
Nebraska
75%
Ontario
75%
Quebec
75%
Texas
75%
Virginia
75%
Florida
67%
Georgia
67%
Illinois
67%
Minnesota
67%
Washington
67%
Michigan
58%
Indiana
50%
No matching quizzes found
Score Distribution
Percent of People with Each Score
Percentile by Number Answered
Your Score History
You have not taken this quiz